Flagi po poziomych paskach - Statystyki

Ogólne statystyki
  • Ten quiz został rozwiązany 9 248 razy
  • Średni wynik to 12 z 15
Statystyki odpowiedzi
Obrazkowy Odpowiedź % Poprawnych
Hiszpania
97%
Grecja
96%
Izrael
95%
Norwegia
95%
Finlandia
93%
Stany Zjednoczone
92%
Islandia
91%
Indie
87%
Dania
74%
Uganda
74%
Urugwaj
70%
Republika Południowej Afryki
64%
Liban
55%
Malezja
54%
Eswatini
48%
Nie znaleziono quizów pasujących do podanych kryteriów
Rozkład punktacji
Procent ludzi z każdym wynikiem
Percentyl według liczby udzielonych odpowiedzi
Twoja historia wyników
Nie rozwiązałeś tego quizu